รัฐธรรมนูญแห่งราชอาณาจักรไทย พุทธศักราช 2534 พระราชบัญญัติการเลือกตั้งสมาชิกสภาผู้แทนราษฎร พ.ศ. 2522 พระราชบัญญัติพรรคการเมือง พ.ศ. 2524 ทุกฉบับแก้ไขเพิ่มเติมถึงปัจจุบัน (พ.ศ. 2538) (ระเบียนเลขที่ 17147)
| 000 -LEADER | |
|---|---|
| fixed length control field | 02232nam a22002897a 4500 |
| 005 - DATE AND TIME OF LATEST TRANSACTION | |
| control field | 20251125232853.0 |
| 008 - FIXED-LENGTH DATA ELEMENTS--GENERAL INFORMATION | |
| fixed length control field | s2534 th tha d |
| 040 ## - CATALOGING SOURCE | |
| Original cataloging agency | NALT |
| 041 ## - LANGUAGE CODE | |
| Language code of text/sound track or separate title | tha |
| 090 ## - LOCALLY ASSIGNED LC-TYPE CALL NUMBER (OCLC); LOCAL CALL NUMBER (RLIN) | |
| Classification number (OCLC) (R) ; Classification number, CALL (RLIN) (NR) | KD32 น114ร 2534 |
| 100 0# - MAIN ENTRY--PERSONAL NAME | |
| Personal name | นคร พจนวรพงษ์ |
| 245 10 - TITLE STATEMENT | |
| Title | รัฐธรรมนูญแห่งราชอาณาจักรไทย พุทธศักราช 2534 พระราชบัญญัติการเลือกตั้งสมาชิกสภาผู้แทนราษฎร พ.ศ. 2522 พระราชบัญญัติพรรคการเมือง พ.ศ. 2524 ทุกฉบับแก้ไขเพิ่มเติมถึงปัจจุบัน (พ.ศ. 2538) |
| 260 3# - PUBLICATION, DISTRIBUTION, ETC. | |
| Place of publication, distribution, etc. | กรุงเทพฯ : |
| Name of publisher, distributor, etc. | ฟิสิกส์เซ็นเตอร์ (ฟิสิกส์นิติการ), |
| Date of publication, distribution, etc. | 2534 |
| 300 ## - PHYSICAL DESCRIPTION | |
| Extent | 228 หน้า : |
| Other physical details | ตาราง ; |
| Dimensions | 26 ซม. |
| 650 04 - SUBJECT ADDED ENTRY--TOPICAL TERM | |
| Topical term or geographic name entry element | การเลือกตั้ง (พ.ร.บ.) -- สมาชิกสภาผู้แทนราษฎร -- 2522 |
| 650 04 - SUBJECT ADDED ENTRY--TOPICAL TERM | |
| Topical term or geographic name entry element | รัฐธรรมนูญ -- ไทย -- 2534 |
| 650 04 - SUBJECT ADDED ENTRY--TOPICAL TERM | |
| Topical term or geographic name entry element | รัฐธรรมนูญ -- ไทย -- 2534 -- แก้ไขเพิ่มเติม -- 2538 |
| 650 04 - SUBJECT ADDED ENTRY--TOPICAL TERM | |
| Topical term or geographic name entry element | สมาชิกสภาผู้แทนราษฎร -- การเลือกตั้ง -- ครั้งที่ 16 -- 22 มี.ค.35 |
| 650 04 - SUBJECT ADDED ENTRY--TOPICAL TERM | |
| Topical term or geographic name entry element | สมาชิกสภาผู้แทนราษฎร -- การเลือกตั้ง -- ครั้งที่ 17 -- 13 ก.ย.35 |
| 650 04 - SUBJECT ADDED ENTRY--TOPICAL TERM | |
| Topical term or geographic name entry element | สมาชิกสภาผู้แทนราษฎร -- การเลือกตั้ง (พ.ร.บ.) -- 2522 |
| 650 04 - SUBJECT ADDED ENTRY--TOPICAL TERM | |
| Topical term or geographic name entry element | สมาชิกสภาผู้แทนราษฎร -- การเลือกตั้ง (พ.ร.บ.) -- แก้ไขเพิ่มเติม (ฉบับที่ 3) -- 2538 |
| 700 0# - ADDED ENTRY--PERSONAL NAME | |
| Personal name | นคร พจนวรพงษ์ |
| 850 ## - HOLDING INSTITUTION | |
| Holding institution | NALT |
| 856 40 - ELECTRONIC LOCATION AND ACCESS | |
| Uniform Resource Identifier | <a href="https://hdl.handle.net/20.500.14156/465508">https://hdl.handle.net/20.500.14156/465508</a> |
| -- | 1 |
| 942 ## - ADDED ENTRY ELEMENTS (KOHA) | |
| Koha item type | Law Book |
| Source of classification or shelving scheme | Library of Congress Classification |
| 998 ## - LOCAL CONTROL INFORMATION (RLIN) | |
| -- | 25 |
| -- | นีลวัสน์ อินทรักษา |
| Withdrawn status | Lost status | Damaged status | Not for loan | Collection code | Home library | Current library | Total Checkouts | Full call number | Barcode | Date last seen | Copy number | Price effective from | Koha item type |
|---|---|---|---|---|---|---|---|---|---|---|---|---|---|
| Law Book collection | National Assembly Library of Thailand | National Assembly Library of Thailand | KD 32 น114ร 2534 | 3961131384 | 09/06/2017 | ฉ. 1 | 09/06/2017 | Law Book | |||||
| Law Book collection | National Assembly Library of Thailand | National Assembly Library of Thailand | KD 32 น114ร 2534 | 3961131392 | 09/06/2017 | ฉ. 2 | 09/06/2017 | Law Book |
